000
00248nam a2200109Ia 4500
008
220204s9999 xx 000 0 und d
082
_a
82-3
_b
WEL
100
_a
Wells, H G
245
0
_a
War of the worlds
260
_a
London
_b
Pan
_c
1976
942
_c
BK
999
_c
33891
_d
33891